[Event "Junior Online 4NCL Division 4"]
[Site "online"]
[Date "2021.10.28"]
[EventDate "2021.10.28"]
[Round "6.53"]
[White "Kumar, Rehan"]
[WhiteElo "1196"]
[WhiteTeam "Leeds Juniors 3"]
[Black "Crichton, Finlay"]
[BlackElo "1012"]
[BlackTeam "Muswell Hill Knights"]
[Result "1-0"]
[PlyCount "91"]

1. e4 e5 2. Nf3 Nc6 3. Bb5 Nf6 4. Nc3 d6 5. O-O Bd7 6. a3 a6 7. Ba4 b5 8. Bb3 g6 9. d3 Bg7 10. Bg5 O-O 11. Nd5 Nd4 12. Nxd4 exd4 13. Qf3 Bg4 14. Bxf6 Bxf6 15. Qxf6 Qxf6 16. Nxf6+ Kg7 17. Nxg4 h5 18. Bd5 Rab8 19. h3 hxg4 20. hxg4 Rh8 21. f3 Rh6 22. Kf2 Rbh8 23. g5 Rh2 24. Bb7 R8h5 25. f4 R5h4 26. Kg3 Rh5 27. Bxa6 f6 28. gxf6+ Kxf6 29. Bxb5 R2h4 30. a4 g5 31. fxg5+ Kxg5 32. Rf5+ Kg6 33. Be8+ Kh6 34. Bxh5 Rxh5 35. Rxh5+ Kxh5 36. a5 Kg6 37. a6 Kf6 38. a7 Ke5 39. a8=Q d5 40. Qxd5+ Kf6 41. Qf5+ Ke7 42. Ra7 Kd6 43. Qd5+ Ke7 44. Rxc7+ Kf6 45. Qd6+ Kg5 46. Rc5# 1-0

[Event "Junior Online 4NCL Division 4"]
[Site "online"]
[Date "2021.10.28"]
[EventDate "2021.10.28"]
[Round "6.54"]
[White "Marks, Rory"]
[WhiteElo "1059"]
[WhiteTeam "Muswell Hill Knights"]
[Black "Beatham, Christopher"]
[BlackElo "1249"]
[BlackTeam "Leeds Juniors 3"]
[Result "1-0"]
[PlyCount "47"]

1. e4 c6 2. d4 d5 3. exd5 cxd5 4. Nf3 Bf5 5. Nc3 Nf6 6. Bf4 Nbd7 7. Bb5 e6 8. Ne5 Bb4 9. Bg5 Bxc3+ 10. bxc3 Qc7 11. Qd2 Rd8 12. O-O O-O 13. Bxf6 Nxf6 14. Rab1 Ne4 15. Qe3 Nxc3 16. Rb3 Nxb5 17. Rxb5 Bxc2 18. Rc1 Rc8 19. Rc5 Qe7 20. R5xc2 Rxc2 21. Rxc2 Qb4 22. g3 Qb1+ 23. Qc1 Qxa2 24. Rxa2 1-0

[Event "Junior Online 4NCL Division 4"]
[Site "online"]
[Date "2021.10.28"]
[EventDate "2021.10.28"]
[Round "6.55"]
[White "Qiu, Calvin"]
[WhiteElo "1228"]
[WhiteTeam "Muswell Hill Knights"]
[Black "Sasikumar, Srivathsan"]
[BlackElo "1249"]
[BlackTeam "Leeds Juniors 3"]
[Result "0-1"]
[PlyCount "102"]

1. e4 c6 2. d4 d5 3. e5 Bf5 4. Nd2 e6 5. c3 Nd7 6. Ngf3 a6 7. g3 c5 8. Bg2 Bd3 9. a3 c4 10. Bf1 Bxf1 11. Rxf1 Ne7 12. b4 b5 13. Bb2 g6 14. a4 Bg7 15. a5 O-O 16. Ng5 Nf5 17. h4 h6 18. Nh3 Re8 19. Nf3 f6 20. g4 Ne7 21. exf6 Nxf6 22. Ne5 Ne4 23. f3 Bxe5 24. dxe5 Ng3 25. Rg1 Nef5 26. gxf5 Qxh4 27. Nf2 Qh2 28. Rxg3 Qxg3 29. fxg6 Qxe5+ 30. Qe2 Qxe2+ 31. Kxe2 Kg7 32. Rg1 e5 33. Bc1 Re6 34. Ng4 Rxg6 35. Bxh6+ Rxh6 36. Nxh6+ Kxh6 37. f4 e4 38. Rg5 Rd8 39. Ke3 Rd6 40. Kd4 Re6 41. Rg1 Rd6 42. f5 Kh5 43. Ke5 Rd8 44. Rh1+ Kg4 45. Rg1+ Kf3 46. f6 Kf2 47. Rg7 e3 48. f7 e2 49. Kd4 e1=Q 50. Rg8 Qe4+ 51. Kc5 Qe7+ 0-1

[Event "Junior Online 4NCL Division 4"]
[Site "online"]
[Date "2021.10.28"]
[EventDate "2021.10.28"]
[Round "6.56"]
[White "Braunstein, Yael"]
[WhiteElo "1228"]
[WhiteTeam "Leeds Juniors 3"]
[Black "Shetty, Ahan"]
[BlackElo "1116"]
[BlackTeam "Muswell Hill Knights"]
[Result "0-1"]
[PlyCount "84"]

1. d4 Nf6 2. Bf4 e6 3. Nf3 d5 4. e3 c5 5. c3 Nc6 6. Bd3 g6 7. Nbd2 cxd4 8. cxd4 Bg7 9. Rc1 O-O 10. Ng5 h6 11. Ngf3 Nh5 12. Bg3 Re8 13. h4 Nxg3 14. fxg3 e5 15. Nh2 exd4 16. O-O dxe3 17. Nb3 Bxb2 18. Rc2 Bg7 19. Qf3 f5 20. Qf4 d4 21. Rc4 Ne5 22. Rxd4 Qb6 23. Qxe3 Nf3+ 24. Qxf3 Bxd4+ 25. Kh1 Re3 26. Qd5+ Be6 27. Qxd4 Qxd4 28. Nxd4 Bxa2 29. Bb5 Rd8 30. Nc2 Re5 31. Na3 a6 32. Bc4+ Bxc4 33. Nxc4 Rc5 34. Nb6 Rd2 35. Rb1 Rcc2 36. Nf3 Rxg2 37. Rg1 Rxg1+ 38. Kxg1 Rc1+ 39. Kf2 Rc2+ 40. Ke3 Rc3+ 41. Kd4 Rxf3 42. g4 fxg4 0-1

[Event "Junior Online 4NCL Division 4"]
[Site "online"]
[Date "2021.10.28"]
[EventDate "2021.10.28"]
[Round "6.57"]
[White "Crichton, Finlay"]
[WhiteElo "1012"]
[WhiteTeam "Muswell Hill Knights"]
[Black "Kumar, Rehan"]
[BlackElo "1196"]
[BlackTeam "Leeds Juniors 3"]
[Result "1-0"]
[PlyCount "139"]

1. e4 e5 2. Nf3 Nc6 3. Nc3 Nf6 4. Bb5 d6 5. d3 Bd7 6. Bg5 Be7 7. Qe2 h6 8. Bh4 O-O 9. Nd5 a6 10. Nxe7+ Qxe7 11. Bxf6 Qxf6 12. O-O Bg4 13. Bxc6 bxc6 14. h3 Bxf3 15. Qxf3 Qxf3 16. gxf3 Rab8 17. b3 c5 18. Kg2 f5 19. Kg3 f4+ 20. Kh4 g5+ 21. Kh5 Kg7 22. Rg1 Rbd8 23. h4 Kf6 24. hxg5+ hxg5 25. Rxg5 Rh8+ 26. Kg4 Rdg8 27. Rxg8 Rxg8+ 28. Kh3 Rd8 29. Rg1 c6 30. c4 d5 31. cxd5 cxd5 32. Rc1 dxe4 33. dxe4 Rd2 34. Rxc5 Rxa2 35. Rc6+ Kg5 36. Rc5 Kf6 37. Rc6+ Kf7 38. Rc7+ Ke6 39. Rc6+ Kd7 40. Rc5 Kd6 41. Rc3 Rxf2 42. Kg4 Rg2+ 43. Kf5 Rg3 44. Kf6 a5 45. Rd3+ Kc5 46. Kxe5 Kb4 47. Kxf4 Rg6 48. Ke3 Rc6 49. f4 Rc3 50. Rxc3 Kxc3 51. e5 Kxb3 52. e6 a4 53. e7 a3 54. e8=Q a2 55. Qb5+ Kc2 56. Qa4+ Kb1 57. Qb3+ Ka1 58. Qxa2+ Kxa2 59. f5 Kb3 60. f6 Kc4 61. f7 Kd5 62. f8=Q Ke6 63. Qc5 Kf6 64. Qd5 Ke7 65. Ke4 Kf6 66. Qe5+ Kf7 67. Kf5 Kf8 68. Kf6 Kg8 69. Qe7 Kh8 70. Qg7# 1-0

[Event "Junior Online 4NCL Division 4"]
[Site "online"]
[Date "2021.10.28"]
[EventDate "2021.10.28"]
[Round "6.58"]
[White "Beatham, Christopher"]
[WhiteElo "1249"]
[WhiteTeam "Leeds Juniors 3"]
[Black "Marks, Rory"]
[BlackElo "1059"]
[BlackTeam "Muswell Hill Knights"]
[Result "1-0"]
[PlyCount "93"]

1. d4 d5 2. Bf4 Nc6 3. Nf3 Bf5 4. e3 a6 5. Bd3 Bxd3 6. Qxd3 Nf6 7. Nbd2 e6 8. Bg5 Nb4 9. Qc3 Nc6 10. Ne5 Qd6 11. Nxc6 Qxc6 12. Qxc6+ bxc6 13. Bxf6 gxf6 14. Nb3 e5 15. dxe5 fxe5 16. Ke2 O-O-O 17. Na5 Kd7 18. Rhd1 Re8 19. e4 Bb4 20. Nb3 Rhg8 21. g3 Rg4 22. exd5 cxd5 23. Rxd5+ Kc6 24. Rd3 Re4+ 25. Re3 Rc4 26. c3 Bd6 27. Na5+ Kc5 28. Nxc4 Kxc4 29. b3+ Kc5 30. Kd3 f5 31. b4+ Kb5 32. a4+ Kc6 33. Kc4 f4 34. gxf4 Kb7 35. Kd5 e4 36. Rxe4 Rd8 37. Kc4 Rc8 38. f5 c5 39. Kd5 Rd8 40. bxc5 Bxh2+ 41. Kc4 h5 42. Rh1 Bg3 43. fxg3 h4 44. Rhxh4 a5 45. Rh7+ Kc6 46. Re6+ Rd6 47. Rxd6# 1-0

[Event "Junior Online 4NCL Division 4"]
[Site "online"]
[Date "2021.10.28"]
[EventDate "2021.10.28"]
[Round "6.61"]
[White "Yarranton, Isaac"]
[WhiteElo "1000"]
[WhiteTeam "Edgware Gambits H"]
[Black "Ta, Duc"]
[BlackElo "1275"]
[BlackTeam "Wanstead Warriors 2"]
[Result "1-0"]
[PlyCount "121"]

1. d4 d5 2. Bf4 c5 3. dxc5 e6 4. Nf3 Nf6 5. Nc3 Bxc5 6. e3 Nc6 7. Bb5 Bd7 8. O-O O-O 9. Na4 Bb6 10. Bd6 Re8 11. c4 a6 12. Bxc6 Bxc6 13. c5 Bc7 14. Bxc7 Qxc7 15. Nb6 Rab8 16. b4 Bb5 17. Re1 Ne4 18. Qd4 Qc6 19. Ne5 Qc7 20. a4 Bc6 21. f3 Nf6 22. Nxc6 bxc6 23. f4 Ne4 24. g3 f6 25. Rac1 e5 26. fxe5 fxe5 27. Qb2 Rf8 28. Rc2 Rbe8 29. Qb1 d4 30. Qb3+ Kh8 31. Qd3 Nf6 32. Nc4 dxe3 33. Qxe3 e4 34. Nd6 Rd8 35. Nxe4 Nd5 36. Qe2 Rde8 37. Qxa6 Nf6 38. Rce2 Qd7 39. Nxf6 gxf6 40. Qc4 Rxe2 41. Qxe2 Qd4+ 42. Qe3 Qxb4 43. Qe7 Ra8 44. Qxf6+ Kg8 45. Qg5+ Kh8 46. Qe5+ Kg8 47. Qg5+ Kh8 48. Qf6+ Kg8 49. Qe6+ Kh8 50. Qxc6 Qxa4 51. Re8+ Rxe8 52. Qxa4 Rc8 53. Qb4 Kg7 54. Qg4+ Kf6 55. Qxc8 Ke5 56. c6 Kd6 57. Qd7+ Ke5 58. c7 Ke4 59. c8=Q Ke5 60. Qf5+ Kd4 61. Qcc5# 1-0

[Event "Junior Online 4NCL Division 4"]
[Site "online"]
[Date "2021.10.28"]
[EventDate "2021.10.28"]
[Round "6.62"]
[White "Mukherjee, Aradhya"]
[WhiteElo "1337"]
[WhiteTeam "Wanstead Warriors 2"]
[Black "Iyer, Shrinivas"]
[BlackElo "1000"]
[BlackTeam "Edgware Gambits H"]
[Result "1-0"]
[PlyCount "131"]

1. d4 d5 2. c4 e6 3. g3 Nf6 4. Bg2 Be7 5. Nf3 O-O 6. O-O b6 7. Nc3 Bb7 8. Ne5 Nbd7 9. Bf4 c5 10. Nxd7 Qxd7 11. Be5 Rac8 12. Rc1 Rfd8 13. e3 h6 14. b3 a6 15. Na4 b5 16. Bxf6 Bxf6 17. Nxc5 Qc7 18. cxb5 axb5 19. Nxb7 Qxb7 20. Rxc8 Rxc8 21. Qd2 Bg5 22. f4 Be7 23. Ra1 b4 24. Rc1 Ra8 25. Bf1 Qa7 26. Rc2 Bf6 27. Qxb4 Be7 28. Qc3 Qb7 29. Bd3 Bb4 30. Qa1 Rc8 31. Rxc8+ Qxc8 32. Kf2 Qc3 33. Qxc3 Bxc3 34. a3 f5 35. b4 Kf8 36. Ke2 Ke7 37. Kd1 e5 38. dxe5 Ke6 39. b5 Ba5 40. a4 Kd7 41. Bxf5+ Kc7 42. Be6 Kb6 43. Bxd5 Kc5 44. Bc6 Kb4 45. Kc2 Kxa4 46. b6+ Kb4 47. b7 Bc7 48. Kd3 Kc5 49. Be4 Kb6 50. Kd4 Bb8 51. Kd5 Kxb7 52. Ke6+ Kc7 53. Kf7 g5 54. f5 Kd7 55. e6+ Kd8 56. f6 Bd6 57. e7+ Bxe7 58. fxe7+ Kd7 59. e8=Q+ Kc7 60. Qe6 Kd8 61. Bc6 Kc7 62. Qd7+ Kb6 63. Ke6 h5 64. Kd5 g4 65. Qb7+ Ka5 66. Qb5# 1-0

[Event "Junior Online 4NCL Division 4"]
[Site "online"]
[Date "2021.10.28"]
[EventDate "2021.10.28"]
[Round "6.63"]
[White "Subramonian, Ananya"]
[WhiteElo "927"]
[WhiteTeam "Edgware Gambits H"]
[Black "Giorgetti, Daniel"]
[BlackElo "1220"]
[BlackTeam "Wanstead Warriors 2"]
[Result "1-0"]
[PlyCount "97"]

1. e4 e5 2. Nf3 Nc6 3. Bc4 Bc5 4. O-O Nf6 5. Ng5 O-O 6. Nc3 Ng4 7. Qxg4 d5 8. Qg3 dxc4 9. d3 Nd4 10. dxc4 Bb4 11. Re1 h6 12. Nf3 Be6 13. Bxh6 Qf6 14. Bg5 Qg6 15. Nxe5 Qh7 16. Bf6 a5 17. a3 Bxc3 18. bxc3 Nxc2 19. Rac1 Nxe1 20. Rxe1 Bxc4 21. Nxc4 Rae8 22. e5 Kh8 23. Bg5 f6 24. Bf4 b5 25. Nxa5 c5 26. c4 Qf5 27. Nc6 Rf7 28. Qh4+ Kg8 29. cxb5 Rc7 30. Na5 Ra7 31. Nc6 Rxa3 32. Qg3 Rxg3 33. fxg3 c4 34. Rc1 Qd3 35. Nb4 Qd4+ 36. Kh1 Rd8 37. h3 c3 38. Nc6 Qd3 39. Nxd8 c2 40. Nc6 Qd1+ 41. Kh2 fxe5 42. Nxe5 Kh7 43. b6 Qxc1 44. Bxc1 g6 45. b7 Kg7 46. b8=Q Kf6 47. Qc7 Kf5 48. Ng4 Ke6 49. Qxc2 1-0

[Event "Junior Online 4NCL Division 4"]
[Site "online"]
[Date "2021.10.28"]
[EventDate "2021.10.28"]
[Round "6.65"]
[White "Ta, Duc"]
[WhiteElo "1275"]
[WhiteTeam "Wanstead Warriors 2"]
[Black "Yarranton, Isaac"]
[BlackElo "1000"]
[BlackTeam "Edgware Gambits H"]
[Result "1-0"]
[PlyCount "89"]

1. d4 e5 2. dxe5 Bc5 3. Nf3 d6 4. Nc3 Nc6 5. exd6 Qxd6 6. e4 Bb4 7. Bd2 Bxc3 8. Bxc3 Qxd1+ 9. Rxd1 Nf6 10. e5 Ne4 11. Bc4 O-O 12. O-O Nxc3 13. bxc3 Bg4 14. Rfe1 Bxf3 15. gxf3 Rfe8 16. f4 Rad8 17. Kg2 Rxd1 18. Rxd1 g5 19. Rd7 gxf4 20. Bxf7+ Kf8 21. Bxe8 Kxe8 22. Rxc7 Nxe5 23. Rxb7 Kd8 24. Rxa7 Nc6 25. Rxh7 Kc8 26. a4 Kb8 27. c4 Ka8 28. c5 Kb8 29. Rh6 Na5 30. h4 Kc7 31. h5 Kd7 32. Rg6 Ke7 33. h6 Kf7 34. Rg4 Kf6 35. h7 Kf5 36. Rg8 Ke4 37. h8=Q f3+ 38. Kg3 Nc4 39. Qh4+ Kd5 40. Rg5+ Ne5 41. Qf4 Kxc5 42. Rxe5+ Kb6 43. Qf6+ Kb7 44. Re7+ Kb8 45. Qf8# 1-0

[Event "Junior Online 4NCL Division 4"]
[Site "online"]
[Date "2021.10.28"]
[EventDate "2021.10.28"]
[Round "6.66"]
[White "Iyer, Shrinivas"]
[WhiteElo "1000"]
[WhiteTeam "Edgware Gambits H"]
[Black "Mukherjee, Aradhya"]
[BlackElo "1337"]
[BlackTeam "Wanstead Warriors 2"]
[Result "0-1"]
[PlyCount "80"]

1. e4 c6 2. d4 d5 3. exd5 cxd5 4. Nf3 Nc6 5. Nc3 Bg4 6. Be2 Nf6 7. h3 Bh5 8. O-O e6 9. b3 Bd6 10. Bb2 Rc8 11. Qd2 Bg6 12. Rac1 Bb4 13. a3 Bxc3 14. Qxc3 Ne4 15. Qe3 O-O 16. a4 f6 17. Ba3 Re8 18. Bd3 e5 19. dxe5 fxe5 20. c4 d4 21. Qe2 Nc3 22. Qd2 e4 23. c5 exf3 24. Bc4+ Nd5 25. Bxd5+ Qxd5 26. Qf4 fxg2 27. Rfe1 Rxe1+ 28. Rxe1 Qf5 29. Qd6 Qxh3 30. f4 Re8 31. Rxe8+ Bxe8 32. Qd5+ Kf8 33. Qd6+ Ne7 34. Qxd4 Qxb3 35. Bb2 Qf7 36. Kxg2 Nf5 37. Qc3 Qe7 38. Kf3 Bh5+ 39. Kg2 Qe2+ 40. Kh3 Bg4# 0-1

[Event "Junior Online 4NCL Division 4"]
[Site "online"]
[Date "2021.10.28"]
[EventDate "2021.10.28"]
[Round "6.67"]
[White "Giorgetti, Daniel"]
[WhiteElo "1220"]
[WhiteTeam "Wanstead Warriors 2"]
[Black "Subramonian, Ananya"]
[BlackElo "927"]
[BlackTeam "Edgware Gambits H"]
[Result "0-1"]
[PlyCount "60"]

1. e4 e5 2. Nf3 Nc6 3. Bc4 Bc5 4. d4 exd4 5. Ng5 d5 6. exd5 Ne5 7. O-O Nf6 8. d6 Bxd6 9. Bf4 O-O 10. Bxe5 Bxe5 11. Bxf7+ Rxf7 12. Nxf7 Kxf7 13. c3 Kg8 14. Qb3+ Kh8 15. cxd4 Bxd4 16. Rd1 Ng4 17. h3 Nxf2 18. Rd2 Ne4+ 19. Kh2 Nxd2 20. Nxd2 Be5+ 21. Kh1 Qxd2 22. Rf1 h6 23. Rf8+ Kh7 24. Qg8+ Kg6 25. Qf7+ Kg5 26. Qe7+ Bf6 27. Qc5+ Kg6 28. Qxc7 Qe1+ 29. Kh2 Be5+ 30. g3 Bxc7 0-1

[Event "Junior Online 4NCL Division 4"]
[Site "online"]
[Date "2021.10.28"]
[EventDate "2021.10.28"]
[Round "6.71"]
[White "Thompson, Thomas George"]
[WhiteElo "1329"]
[WhiteTeam "KEGS B"]
[Black "Gehlote, Sohum Singh"]
[BlackElo "1129"]
[BlackTeam "Chess Challengers F"]
[Result "1-0"]
[PlyCount "25"]

1. e4 e5 2. Nf3 Nc6 3. Bc4 Bc5 4. Nc3 Nf6 5. d3 b6 6. O-O Bb7 7. Bg5 O-O 8. Nd5 h6 9. Nxf6+ gxf6 10. Bxh6 Re8 11. Nh4 Ne7 12. Qg4+ Kh8 13. Qg7# 1-0

[Event "Junior Online 4NCL Division 4"]
[Site "online"]
[Date "2021.10.28"]
[EventDate "2021.10.28"]
[Round "6.72"]
[White "Kulkarni, Esha"]
[WhiteElo "1070"]
[WhiteTeam "Chess Challengers F"]
[Black "Siriwardana, Dinil"]
[BlackElo "1236"]
[BlackTeam "KEGS B"]
[Result "0-1"]
[PlyCount "56"]

1. e4 e5 2. Nf3 Nc6 3. Bc4 Bc5 4. Nc3 Nf6 5. O-O O-O 6. d3 h6 7. Nd5 d6 8. Nxf6+ Qxf6 9. c3 Bg4 10. h3 Bh5 11. b4 Bb6 12. a4 a6 13. a5 Ba7 14. b5 axb5 15. Bxb5 Qg6 16. a6 Nd8 17. axb7 Nxb7 18. Bc6 Rfb8 19. d4 exd4 20. cxd4 Bxd4 21. Rxa8 Rxa8 22. Bxb7 Rb8 23. Qxd4 Bxf3 24. g3 Qh5 25. g4 Qxh3 26. Qxg7+ Kxg7 27. Bxh6+ Qxh6 28. Re1 Qh1# 0-1

[Event "Junior Online 4NCL Division 4"]
[Site "online"]
[Date "2021.10.28"]
[EventDate "2021.10.28"]
[Round "6.74"]
[White "Botiz, Thomas"]
[WhiteElo "1050"]
[WhiteTeam "Chess Challengers F"]
[Black "Scola, George"]
[BlackElo "1300"]
[BlackTeam "KEGS B"]
[Result "1-0"]
[PlyCount "87"]

1. c4 c5 2. Nc3 d6 3. g3 Nf6 4. Bg2 g6 5. Nf3 Bg7 6. O-O O-O 7. d4 Nc6 8. d5 Ne5 9. Nxe5 dxe5 10. Bg5 Bd7 11. a3 Qc8 12. b4 cxb4 13. axb4 Bh3 14. c5 Bxg2 15. Kxg2 Nh5 16. Bxe7 Re8 17. d6 Qd7 18. Ne4 Qc6 19. f3 Qd7 20. g4 Nf4+ 21. Kh1 f5 22. gxf5 gxf5 23. Nf6+ Bxf6 24. Bxf6 Kf7 25. Bxe5 Rxe5 26. Qa4 Qxa4 27. Rxa4 Rxe2 28. Rd1 Rd8 29. Rxa7 Ke6 30. Rxb7 Nh3 31. Re7+ Kf6 32. Rxe2 Rd7 33. c6 Rg7 34. d7 Ng5 35. d8=Q+ Kg6 36. Rd6+ Kh5 37. Qf6 Rg6 38. Qxg6+ hxg6 39. c7 Nxf3 40. c8=Q g5 41. Qxf5 Nh4 42. Qh7+ Kg4 43. Rd4+ Kh3 44. Re3# 1-0

[Event "Junior Online 4NCL Division 4"]
[Site "online"]
[Date "2021.10.28"]
[EventDate "2021.10.28"]
[Round "6.75"]
[White "Gehlote, Sohum Singh"]
[WhiteElo "1129"]
[WhiteTeam "Chess Challengers F"]
[Black "Thompson, Thomas George"]
[BlackElo "1329"]
[BlackTeam "KEGS B"]
[Result "0-1"]
[PlyCount "28"]

1. e4 e5 2. Nf3 Nc6 3. Bc4 Bc5 4. Nc3 Nf6 5. b3 d6 6. Bb2 O-O 7. O-O Bg4 8. Ne2 Bxf3 9. gxf3 Nh5 10. Ng3 Qg5 11. Bc1 Qg6 12. Re1 Nxg3 13. hxg3 Qxg3+ 14. Kf1 Qxf2# 0-1

[Event "Junior Online 4NCL Division 4"]
[Site "online"]
[Date "2021.10.28"]
[EventDate "2021.10.28"]
[Round "6.76"]
[White "Siriwardana, Dinil"]
[WhiteElo "1236"]
[WhiteTeam "KEGS B"]
[Black "Kulkarni, Esha"]
[BlackElo "1070"]
[BlackTeam "Chess Challengers F"]
[Result "1-0"]
[PlyCount "29"]

1. e4 e5 2. Bc4 Nf6 3. Nc3 Bc5 4. Nf3 Nc6 5. O-O O-O 6. d3 d6 7. h3 Nd4 8. Bg5 Nxf3+ 9. Qxf3 h6 10. Bh4 Qe7 11. Nd5 Qd8 12. Nxf6+ gxf6 13. Bxf6 Qe8 14. Qg3+ Kh7 15. Qg7# 1-0

[Event "Junior Online 4NCL Division 4"]
[Site "online"]
[Date "2021.10.28"]
[EventDate "2021.10.28"]
[Round "6.77"]
[White "Borra, Sri Mayi"]
[WhiteElo "1080"]
[WhiteTeam "Chess Challengers F"]
[Black "Poon, Evan"]
[BlackElo "1252"]
[BlackTeam "KEGS B"]
[Result "0-1"]
[PlyCount "88"]

1. e4 e5 2. Nf3 Nc6 3. Nc3 Nf6 4. Bc4 Bc5 5. O-O d6 6. d3 Be6 7. Bxe6 fxe6 8. a3 Nd4 9. b4 Bb6 10. Be3 Qd7 11. h3 h6 12. a4 a5 13. b5 O-O 14. Nxd4 exd4 15. Bxd4 Bxd4 16. Ne2 Bxa1 17. Qxa1 e5 18. d4 exd4 19. Nxd4 Nxe4 20. Qa2+ Kh8 21. f3 Ng3 22. Re1 Rae8 23. Rd1 Ne2+ 24. Nxe2 Rxe2 25. h4 Qe6 26. Qxe6 Rxe6 27. f4 Rxf4 28. g3 Rxa4 29. Rb1 Rae4 30. b6 Re1+ 31. Rxe1 Rxe1+ 32. Kf2 Re7 33. bxc7 Rxc7 34. Kf3 Rxc2 35. Kg4 a4 36. Kf4 a3 37. Ke3 a2 38. Kd3 Rh2 39. Kc3 a1=Q+ 40. Kd3 Qa4 41. Ke3 Rb2 42. Kd3 Rb3+ 43. Ke2 Qa2+ 44. Ke1 Rb1# 0-1

[Event "Junior Online 4NCL Division 4"]
[Site "online"]
[Date "2021.10.28"]
[EventDate "2021.10.28"]
[Round "6.78"]
[White "Scola, George"]
[WhiteElo "1300"]
[WhiteTeam "KEGS B"]
[Black "Botiz, Thomas"]
[BlackElo "1050"]
[BlackTeam "Chess Challengers F"]
[Result "1/2-1/1"]
[PlyCount "49"]

1. e4 e5 2. Nc3 Nc6 3. Bc4 Nf6 4. Nf3 Bc5 5. h3 O-O 6. d3 d6 7. O-O Qe7 8. Bg5 h6 9. Bh4 Be6 10. Bd5 a6 11. a3 Nd4 12. Nxd4 Bxd4 13. Kh1 Bxc3 14. bxc3 Bxd5 15. exd5 c6 16. dxc6 bxc6 17. f4 Qe6 18. f5 Qe7 19. Qf3 d5 20. d4 e4 21. Qg3 Nh5 22. Qg4 Nf6 23. Qg3 Nh5 24. Qg4 Nf6 25. Qg3 1/2-1/2

[Event "Junior Online 4NCL Division 4"]
[Site "online"]
[Date "2021.10.28"]
[EventDate "2021.10.28"]
[Round "6.81"]
[White "Gao, Alex"]
[WhiteElo "1270"]
[WhiteTeam "Charlton Lions"]
[Black "Chung, Vince"]
[BlackElo "1157"]
[BlackTeam "Colchester Juniors C"]
[Result "1-0"]
[PlyCount "63"]

1. e4 c5 2. c3 b5 3. d4 cxd4 4. cxd4 Bb7 5. Bd3 a6 6. Nc3 Nc6 7. Nf3 e6 8. O-O d5 9. e5 Bb4 10. Be3 Nge7 11. Rc1 O-O 12. a3 Bxc3 13. bxc3 f6 14. Qc2 Nf5 15. Bxf5 exf5 16. Qxf5 fxe5 17. Qe6+ Kh8 18. Nxe5 Nxe5 19. Qxe5 Re8 20. Qg3 Rf8 21. Rfe1 Qb6 22. Bf4 Rf6 23. Re7 Rg6 24. Qe3 Qd8 25. Re1 Bc6 26. Qe5 a5 27. Bh6 Qg8 28. Re3 b4 29. Rg3 Rg5 30. Rxg5 Rf8 31. Bxg7+ Qxg7 32. Qxg7# 1-0

[Event "Junior Online 4NCL Division 4"]
[Site "online"]
[Date "2021.10.28"]
[EventDate "2021.10.28"]
[Round "6.83"]
[White "Thompson, Isaac"]
[WhiteElo "1000"]
[WhiteTeam "Charlton Lions"]
[Black "Wilde, Grace"]
[BlackElo "746"]
[BlackTeam "Colchester Juniors C"]
[Result "1/2-1/2"]
[PlyCount "69"]

1. d4 d5 2. c4 e6 3. Nc3 Nf6 4. Bg5 h6 5. Bf4 Nc6 6. e3 Ne4 7. Nxe4 dxe4 8. c5 Be7 9. Bb5 a6 10. Bc4 b5 11. Be2 Bb7 12. Nh3 O-O 13. O-O Rc8 14. Qb3 Na5 15. Qc3 c6 16. b4 Nc4 17. Bxc4 bxc4 18. Qxc4 Bg5 19. Nxg5 hxg5 20. Bg3 Re8 21. Rfe1 g4 22. Rad1 g6 23. h3 gxh3 24. gxh3 Kg7 25. Be5+ Kf8 26. Qc2 Qg5+ 27. Kf1 Qh4 28. Bg3 Qxh3+ 29. Ke2 Qg4+ 30. Kf1 Kg7 31. Be5+ Kf8 32. Bd6+ Kg7 33. Be5+ Kf8 34. Bd6+ Kg7 35. Be5+ 1/2-1/2

[Event "Junior Online 4NCL Division 4"]
[Site "online"]
[Date "2021.10.28"]
[EventDate "2021.10.28"]
[Round "6.84"]
[White "Ren, Jason"]
[WhiteElo "680"]
[WhiteTeam "Colchester Juniors C"]
[Black "Sharma, Reyansh"]
[BlackElo "1000"]
[BlackTeam "Charlton Lions"]
[Result "1-0"]
[PlyCount "75"]

1. c4 e5 2. Nc3 c5 3. d3 Nc6 4. Nf3 Nf6 5. e4 Be7 6. Bg5 O-O 7. g3 Ng4 8. Bxe7 Qxe7 9. h3 Nf6 10. Bg2 Nd4 11. Nxd4 exd4 12. Nd5 Nxd5 13. cxd5 d6 14. O-O Bd7 15. Rc1 Rad8 16. a3 Rfe8 17. b4 cxb4 18. axb4 b5 19. Rc7 Ra8 20. Qf3 a6 21. Rfc1 f6 22. Rb7 Reb8 23. Rcc7 Rxb7 24. Rxb7 Qd8 25. Qd1 Qc8 26. Rxd7 Qxd7 27. Bf3 Qxh3 28. Bg2 Qd7 29. Bf3 a5 30. Bg4 Qc7 31. Be6+ Kf8 32. bxa5 g6 33. Qf3 Ke7 34. Qh1 Rxa5 35. Qxh7+ Kd8 36. Qh8+ Ke7 37. Qg7+ Kd8 38. Qf8# 1-0

[Event "Junior Online 4NCL Division 4"]
[Site "online"]
[Date "2021.10.28"]
[EventDate "2021.10.28"]
[Round "6.85"]
[White "Chung, Vince"]
[WhiteElo "1157"]
[WhiteTeam "Colchester Juniors C"]
[Black "Gao, Alex"]
[BlackElo "1270"]
[BlackTeam "Charlton Lions"]
[Result "0-1"]
[PlyCount "124"]

1. e4 e5 2. Nf3 Nc6 3. Bc4 Nf6 4. Ng5 d5 5. exd5 Na5 6. Bb5+ c6 7. dxc6 bxc6 8. Ba4 h6 9. Qf3 hxg5 10. Bxc6+ Nxc6 11. Qxc6+ Bd7 12. Qc3 Bd6 13. d3 Rc8 14. Qd2 Nd5 15. O-O e4 16. Re1 Bxh2+ 17. Kf1 Bf4 18. Rxe4+ Be6 19. Qd1 Rh1+ 20. Ke2 Rxd1 21. Kxd1 Bxc1 22. Kxc1 Qc7 23. Rc4 Qa5 24. Kd1 Rxc4 25. dxc4 Bg4+ 26. f3 Ne3+ 27. Ke2 Nxc2 28. Nc3 Nxa1 29. fxg4 Qe5+ 30. Kd3 Qg3+ 31. Kd4 Qxg4+ 32. Kc5 Nc2 33. Nd5 Qd4+ 34. Kd6 Ne3 35. b4 Nxd5 36. cxd5 Qxb4+ 37. Kc6 Qc4+ 38. Kd6 Qxa2 39. Kc7 Qxg2 40. d6 Qd2 41. Kc6 a5 42. Kb5 g4 43. Kc6 g3 44. d7+ Qxd7+ 45. Kc5 g2 46. Kc4 g1=R 47. Kc5 Rc1+ 48. Kb6 Qd4+ 49. Kxa5 Kd7 50. Kb5 Qc5+ 51. Ka6 Qb4 52. Ka7 Rc7+ 53. Ka6 Qa4+ 54. Kb6 Qc6+ 55. Ka5 Ra7+ 56. Kb4 Ra4+ 57. Kb3 Rh4 58. Ka3 Qf3+ 59. Kb2 Rh2+ 60. Kc1 Qe3+ 61. Kd1 Qd3+ 62. Ke1 Qb1# 0-1

[Event "Junior Online 4NCL Division 4"]
[Site "online"]
[Date "2021.10.28"]
[EventDate "2021.10.28"]
[Round "6.87"]
[White "Wilde, Grace"]
[WhiteElo "746"]
[WhiteTeam "Colchester Juniors C"]
[Black "Thompson, Isaac"]
[BlackElo "1000"]
[BlackTeam "Charlton Lions"]
[Result "1-0"]
[PlyCount "49"]

1. e4 c5 2. Nf3 d6 3. d4 Nf6 4. Bb5+ Nc6 5. d5 g6 6. dxc6 bxc6 7. Bxc6+ Bd7 8. Bxa8 Qxa8 9. Nc3 Bg7 10. O-O O-O 11. Bd2 Bg4 12. h3 Bxf3 13. Qxf3 Qc6 14. Nd5 e6 15. Nxf6+ Bxf6 16. Bh6 Bxb2 17. Bxf8 Kxf8 18. Rab1 Bd4 19. Rb8+ Kg7 20. Rfb1 f5 21. R1b7+ Kh6 22. Qf4+ Kh5 23. g4+ fxg4 24. Qxg4+ Kh6 25. Qh4# 1-0

[Event "Junior Online 4NCL Division 4"]
[Site "online"]
[Date "2021.10.28"]
[EventDate "2021.10.28"]
[Round "6.88"]
[White "Sharma, Reyansh"]
[WhiteElo "1000"]
[WhiteTeam "Charlton Lions"]
[Black "Ren, Jason"]
[BlackElo "680"]
[BlackTeam "Colchester Juniors C"]
[Result "1/2-1/2"]
[PlyCount "120"]

1. e4 c6 2. d4 d5 3. e5 Bf5 4. Bd3 Bxd3 5. Qxd3 e6 6. Nf3 Be7 7. Nc3 Nh6 8. Be3 Nf5 9. O-O Nxe3 10. Qxe3 O-O 11. Rfe1 Nd7 12. Rad1 Nb6 13. b3 Bb4 14. Rd3 Bxc3 15. Rxc3 Qc7 16. Qd3 f5 17. exf6 Rxf6 18. Ng5 Rh6 19. Rxe6 g6 20. Qe3 Qxh2+ 21. Kf1 Qh1+ 22. Ke2 Qxg2 23. Re7 Qg4+ 24. Kd2 Rf8 25. Qe6+ Qxe6 26. Rxe6 Rxf2+ 27. Ke3 Rf8 28. Re7 Rh5 29. Ne6 Rh3+ 30. Ke2 Rxc3 31. Rg7+ Kh8 32. Nxf8 Rxc2+ 33. Kd3 Rxa2 34. Rxb7 Nc8 35. Rc7 Nd6 36. Rxc6 Nf7 37. Rc7 Kg7 38. Ne6+ Kf6 39. Nc5 h5 40. Ke3 Rg2 41. Rxa7 h4 42. Ra6+ Kg7 43. Ra1 h3 44. Rh1 h2 45. Kf3 Ra2 46. Kg3 Ra3 47. Rxh2 Ng5 48. Kg4 Ne4 49. Nxe4 dxe4 50. Kf4 Rxb3 51. Kxe4 Rb8 52. Kd5 Rd8+ 53. Kc5 Rc8+ 54. Kd5 Rd8+ 55. Ke5 Re8+ 56. Kd5 Rd8+ 57. Kc5 Rc8+ 58. Kd5 Rd8+ 59. Kc5 Rc8+ 60. Kd5 Rd8+ 1/2-1/2